000 00641nam a22002297a 4500
003 UA-OsUOA
001 48236
007 ta
008 20070831b un ||||| |||| 00| 0 ukr d
100 _aГачев Г.Д.
090 _a821,161,1
_bГ24
942 _cBK
040 _aUA-OsUOA
_brus
_cUA-OsUOA
_dUA-OsUOA
245 _aЖизнь художественного сознания. Очерки по истории образа
300 _a198 с.
955 _a2
041 _arus
080 _a821,161,1
260 _aМ.
_c1972
650 7 _a82 Література. Літературознавство
_2UDC
999 _c334327
_d334327